The Level of 6-Azauracile in the Serum of Rats

Bibliographic Details
Main Authors: Winkler, Alojz, 1919-1981 (Author), Šorm, František, 1913-1980 (Author), Knotzová, Kornélia (Author), Ujházy, Viliam, 1926-2023 (Author)
Format: Article
Language:English

MARC

LEADER 00000nab a2200000ua 4500
001 vtls010826705
003 SK-MaSNL
005 20260303185936.0
008 230222s1958 xo |||||||||||||||||eng|
035 |a (urnnbn)urn:nbn:sk:snk:ar-a06ar2 
035 |a urn:nbn:sk:snk-ab5sp4 
035 |a (uuid)7476d57d-022f-4d73-a68a-343086609d11 
040 |a SNKBUCL  |b slo  |c SNKBUCL  |e AACR2 
041 0 |a eng 
044 |a xo  |c SK 
100 1 |a Winkler, Alojz,  |d 1919-1981  |4 aut  |9 145662 
245 1 4 |a The Level of 6-Azauracile in the Serum of Rats  |c Alojz Winkler, František Šorm, Kornélia Knotzová, Viliam Ujházy 
700 1 |a Šorm, František,  |d 1913-1980  |4 aut  |9 398797 
700 1 |a Knotzová, Kornélia  |4 aut  |9 1217712 
700 1 |a Ujházy, Viliam,  |d 1926-2023  |4 aut  |9 39636 
773 0 |t Neoplasma : journal of experimental and clinical oncology  |g Roč. 5, č. 2 (1958), s. [97]-100 
958 |a OND 
958 |a EUIPO 
958 |a article5 
999 |c 2133801  |d 2135731